MARC details
| 000 -LEADER |
| fixed length control field |
02367cam a2200409 i 4500 |
| 001 - CONTROL NUMBER |
| control field |
18953882 |
| 003 - CONTROL NUMBER IDENTIFIER |
| control field |
GZU |
| 005 - DATE AND TIME OF LATEST TRANSACTION |
| control field |
20201029100701.0 |
| 008 - FIXED-LENGTH DATA ELEMENTS--GENERAL INFORMATION |
| fixed length control field |
160129s2015 sa b 001 0 eng d |
| 010 ## - LIBRARY OF CONGRESS CONTROL NUMBER |
| LC control number |
2015494876 |
| 020 ## - INTERNATIONAL STANDARD BOOK NUMBER |
| International Standard Book Number |
9781919895895 |
| 035 ## - SYSTEM CONTROL NUMBER |
| System control number |
(OCoLC)ocn921930955 |
| 040 ## - CATALOGING SOURCE |
| Original cataloging agency |
OI@ |
| Language of cataloging |
eng |
| Transcribing agency |
OI@ |
| Description conventions |
rda |
| Modifying agency |
OI@ |
| -- |
Z@L |
| -- |
WAU |
| -- |
BTCTA |
| -- |
OCLCF |
| -- |
BDX |
| -- |
YDXCP |
| -- |
OCL |
| -- |
DLC |
| 042 ## - AUTHENTICATION CODE |
| Authentication code |
lccopycat |
| 043 ## - GEOGRAPHIC AREA CODE |
| Geographic area code |
f-sa--- |
| 050 00 - LIBRARY OF CONGRESS CALL NUMBER |
| Classification number |
HV6569 |
| Item number |
S69 2015 |
| 100 1# - MAIN ENTRY--PERSONAL NAME |
| Personal name |
Smythe, Dee, |
| Relator term |
author. |
| 245 10 - TITLE STATEMENT |
| Title |
Rape unresolved : |
| Remainder of title |
policing sexual offences in South Africa / |
| Statement of responsibility, etc. |
Dee Smythe. |
| 264 #1 - PRODUCTION, PUBLICATION, DISTRIBUTION, MANUFACTURE, AND COPYRIGHT NOTICE |
| Place of production, publication, distribution, manufacture |
Cape Town, South Africa : |
| Name of producer, publisher, distributor, manufacturer |
UCT Press, |
| Date of production, publication, distribution, manufacture, or copyright notice |
2015. |
| 300 ## - PHYSICAL DESCRIPTION |
| Extent |
x, 316 pages ; |
| Dimensions |
23 cm |
| 336 ## - CONTENT TYPE |
| Content type term |
text |
| Content type code |
txt |
| Source |
rdacontent |
| 337 ## - MEDIA TYPE |
| Media type term |
unmediated |
| Media type code |
n |
| Source |
rdamedia |
| 338 ## - CARRIER TYPE |
| Carrier type term |
volume |
| Carrier type code |
nc |
| Source |
rdacarrier |
| 504 ## - BIBLIOGRAPHY, ETC. NOTE |
| Bibliography, etc. note |
Includes bibliographical references (pages 266-300) and index. |
| 505 0# - FORMATTED CONTENTS NOTE |
| Formatted contents note |
CHAPTER 1. Charges dropped : an introduction to attrition in South Africa -- CHAPTER 2. Paper rich : rape in South African law and practice -- CHAPTER 3. The South African Police Service and the communities they police -- CHAPTER 4. A sketch of the cases -- CHAPTER 5. Recalcitrant victims -- CHAPTER 6. Complainant withdrawals -- CHAPTER 7. False complaints -- CHAPTER 8. Refractory systems -- CHAPTER 9. Taking responsibility/apportioning blame. |
| 520 ## - SUMMARY, ETC. |
| Summary, etc. |
"Of the approximately 50,000 rape cases reported in South Africa every year, only between 4% and 8% end in conviction. To understand the criminal justice system's s failure to adequately deal with sexual violence, one needs to start with the police. This book tells the story of some of the cases reported to the South African Police Service and how they were dealt with." -- Publisher's description: https://books.google.co.za/books/about/Rape_Unresolved.html?id=TLaKrgEACAAJ&redir_esc=y |
| 650 #0 - SUBJECT ADDED ENTRY--TOPICAL TERM |
| Topical term or geographic name entry element |
Rape |
| Geographic subdivision |
South Africa |
| Form subdivision |
Case studies. |
| 650 #0 - SUBJECT ADDED ENTRY--TOPICAL TERM |
| Topical term or geographic name entry element |
Police discretion |
| Geographic subdivision |
South Africa. |
| 650 #0 - SUBJECT ADDED ENTRY--TOPICAL TERM |
| Topical term or geographic name entry element |
Sexual abuse victims |
| Geographic subdivision |
South Africa. |
| 650 #0 - SUBJECT ADDED ENTRY--TOPICAL TERM |
| Topical term or geographic name entry element |
Rape |
| General subdivision |
Law and legislation |
| Geographic subdivision |
South Africa. |
| 650 #0 - SUBJECT ADDED ENTRY--TOPICAL TERM |
| Topical term or geographic name entry element |
Criminal law |
| Geographic subdivision |
South Africa. |
| 650 #0 - SUBJECT ADDED ENTRY--TOPICAL TERM |
| Topical term or geographic name entry element |
Criminal justice, Administration of |
| Geographic subdivision |
South Africa. |
| 650 #0 - SUBJECT ADDED ENTRY--TOPICAL TERM |
| Topical term or geographic name entry element |
Police |
| Geographic subdivision |
South Africa. |
| 906 ## - LOCAL DATA ELEMENT F, LDF (RLIN) |
| a |
7 |
| b |
cbc |
| c |
copycat |
| d |
3 |
| e |
ncip |
| f |
20 |
| g |
y-gencatlg |
| 942 ## - ADDED ENTRY ELEMENTS (KOHA) |
| Source of classification or shelving scheme |
Library of Congress Classification |
| Koha item type |
Books |
| Classification part |
6569 |
| Item part |
SMY |
| Call number prefix |
HV |
| Call number suffix |
32015 |